[Event "AUTO-OPEN-2305"]
[Site "http://www.queenalice.com/game.php?id=915524"]
[Date "2011.3.21"]
[Round "1"]
[White "Jobson"]
[Black "leonard99"]
[Result "0-1"]
[WhiteElo "1773"]
[BlackElo "1798"]

1. e4 e5 2. Nf3 Nc6 3. Bc4 h6 4. d3 Nf6 5. a3 Bc5 6. b4 Bb6 7. h3 d6 8. b5 Nd4
9. Nxd4 Bxd4 10. c3 Bb6 11. Nd2 a6 12. a4 axb5 13. Bxb5+ c6 14. Bc4 O-O 15. O-O
Bd7 16. Ba3 Qe7 17. Rb1 Ba5 18. Qc2 Rab8 19. Nf3 b5 20. Bb3 c5 21. axb5 Bxb5 22.
c4 Bd7 23. Ba4 Rxb1 24. Rxb1 Be6 25. Rb5 Bd8 26. Qb3 Nd7 27. Rb7 f6 28. Bb5 Qf7
29. Qa4 f5 30. Bxd7 Bxd7 31. Rxd7 Qe8 32. Qa7 Bf6 33. Rxd6 Rf7 34. Qxc5 Be7 35.
Qxe5 Qa4 36. Rb6 Qxa3 37. Rb8+ Kh7 38. Ne1 Bd6 39. Qb2 Qa5 40. Kf1 Bxb8 41. Qxb8
fxe4 42. Qe8 Qf5 43. f3 exd3 44. Qe3 Rd7 45. Qd2 Rd6 46. g4 Qe5 47. Nxd3 Qd4 48.
Qc2 Qxd3+ 49. Qxd3+ Rxd3 50. Kg2 g5 51. c5 Rc3 52. Kg3 Rxc5 53. h4 Rc4 54. hxg5
hxg5 55. Kf2 Kg6 56. Ke3 Rf4 57. Kf2 Kf6 58. Ke3 Ke5 59. Ke2 Kd4 60. Kf2 Kd3 61.
Kg2 Ke3 62. Kg3 Rxf3+ 0-1

[Event "AUTO-OPEN-2305"]
[Site "http://www.queenalice.com/game.php?id=915525"]
[Date "2011.3.21"]
[Round "1"]
[White "leonard99"]
[Black "clk"]
[Result "1/2-1/2"]
[WhiteElo "1788"]
[BlackElo "1905"]

1. e4 e5 2. Nf3 Nc6 3. d3 Bc5 4. Be2 d5 5. Ng5 Be6 6. Nxe6 fxe6 7. exd5 Qxd5 8.
Bf3 Qd4 9. O-O Nf6 10. Nc3 b5 1/2-1/2

[Event "Challenge"]
[Site "http://www.queenalice.com/game.php?id=922031"]
[Date "2011.4.5"]
[Round "-"]
[White "leonard99"]
[Black "Ventura_2113"]
[Result "0-1"]
[WhiteElo "1793"]
[BlackElo "1861"]

1. e4 c5 2. Bb5 g6 3. d4 Bg7 4. c3 cxd4 5. cxd4 Nc6 6. Nf3 d5 7. e5 e6 8. O-O
Ne7 9. Bg5 Qb6 10. a4 Nf5 11. Bxc6+ bxc6 12. b3 Rb8 13. Ra3 Bf8 14. Bf6 Bg7 15.
Bg5 h6 16. Bf6 O-O 17. g4 Bxf6 18. exf6 Nd6 19. Qd2 Kh7 20. Qd3 Ba6 21. Qe3 Bxf1
22. Ne5 Ba6 23. Nd7 Qb4 24. Nxf8+ Rxf8 25. Ra2 Rb8 26. Nd2 Rc8 27. Nf3 c5 28. h3
cxd4 29. Nxd4 Rc3 30. Qd2 Ne4 31. Nc6 Qc5 32. Qf4 Qxc6 33. f3 Qc5+ 34. Kg2 Rc2+
35. Rxc2 Qxc2+ 0-1

[Event "Challenge"]
[Site "http://www.queenalice.com/game.php?id=924197"]
[Date "2011.4.10"]
[Round "-"]
[White "juniorvaz100"]
[Black "leonard99"]
[Result "1-0"]
[WhiteElo "1751"]
[BlackElo "1813"]

1. d4 d5 2. Nc3 Nf6 3. Bg5 e6 4. Nb5 c6 5. Bxf6 Qa5+ 6. Nc3 gxf6 7. a3 Qb6 8. b3
e5 9. e3 Bf5 10. Bd3 exd4 11. Na4 Qa5+ 12. Qd2 Qxd2+ 13. Kxd2 Bxd3 14. Kxd3 dxe3
15. fxe3 Nd7 16. Nf3 O-O-O 17. Rhe1 Rg8 18. g3 b5 19. Nc3 Nc5+ 20. Ke2 Bh6 21.
Nd4 Kc7 22. Rf1 Rde8 23. Rf3 Ne6 24. Kf2 Nxd4 25. exd4 Bd2 26. Na2 Rg6 27. Rd1
Bh6 28. Rf1 Re4 29. c3 Kd6 30. Nb4 a5 31. Na6 Bf8 32. Nc5 Re8 33. Nb7+ Kc7 34.
Nxa5 Bxa3 35. b4 Kd7 36. Nb3 Kd6 37. Ra1 Ra8 38. Kg2 Ke7 39. Rf2 Rgg8 40. Rfa2
Ra4 41. Rxa3 Rga8 42. Rxa4 Rxa4 43. Kf3 Ke6 44. Nc5+ 1-0

[Event "AUTO-ADV-2155"]
[Site "http://www.queenalice.com/game.php?id=936504"]
[Date "2011.5.10"]
[Round "1"]
[White "JD"]
[Black "leonard99"]
[Result "1-0"]
[WhiteElo "1686"]
[BlackElo "1804"]

1. e4 e5 2. Nf3 Nc6 3. Nc3 Nf6 4. Bc4 h6 5. d4 exd4 6. Nxd4 Bc5 7. Nxc6 bxc6 8.
Qf3 d6 9. O-O Bg4 10. Qg3 O-O 11. h3 Bh5 12. Bxh6 Bg6 13. Bg5 Bd4 14. Bxf6 Qxf6
15. Rad1 Bxc3 16. bxc3 Qxc3 17. Qxc3 Bxe4 18. f3 Bg6 19. g4 d5 20. Bd3 Rac8 21.
Bxg6 fxg6 22. Qxc6 1-0

[Event "AUTO-ADV-2155"]
[Site "http://www.queenalice.com/game.php?id=936505"]
[Date "2011.5.10"]
[Round "1"]
[White "leonard99"]
[Black "JD"]
[Result "1-0"]
[WhiteElo "1795"]
[BlackElo "1629"]

1. e4 e5 2. Nc3 c6 3. Bc4 b5 4. Bd3 a6 5. a3 g6 6. Nf3 Bd6 7. O-O h5 8. Ne2 g5
9. Ne1 g4 10. f3 Qh4 11. Ng3 gxf3 12. Qxf3 Nh6 13. c4 Ng4 14. h3 f5 15. Nxf5 Qf6
16. hxg4 hxg4 17. Qxg4 Bc7 18. Ng7+ Ke7 19. Rxf6 Kxf6 20. Nh5+ Ke7 21. Qg7+ 1-0

[Event "AUTO-ADV-2155"]
[Site "http://www.queenalice.com/game.php?id=936518"]
[Date "2011.5.10"]
[Round "1"]
[White "andrevillares"]
[Black "leonard99"]
[Result "1-0"]
[WhiteElo "2003"]
[BlackElo "1801"]

1. d4 b5 2. Nf3 d5 3. Bf4 c6 4. a4 Qa5+ 5. Qd2 Qb6 6. axb5 Qxb5 7. c3 Nf6 8. e3
Qb7 9. Bd3 Bg4 10. Ne5 h6 11. O-O g5 12. Bg3 Nbd7 13. f3 Be6 14. e4 Bg7 15. Na3
Nh5 16. Nxd7 Nxg3 17. Nc5 Qc7 18. hxg3 Qxg3 19. Nxe6 fxe6 20. exd5 exd5 21. Bg6+
Kd7 22. Rfe1 Rhf8 23. Qf2 Rxf3 24. Qxf3 Qxf3 25. gxf3 Rf8 26. Kg2 Rf6 27. Bh5
Rf4 28. Bg4+ Kd6 29. Re6+ Kc7 30. Rxe7+ 1-0

[Event "AUTO-ADV-2155"]
[Site "http://www.queenalice.com/game.php?id=936519"]
[Date "2011.5.10"]
[Round "1"]
[White "leonard99"]
[Black "andrevillares"]
[Result "0-1"]
[WhiteElo "1780"]
[BlackElo "1966"]

1. d4 Nf6 2. Nf3 c5 3. dxc5 Qa5+ 4. c3 Qxc5 5. Be3 Qc7 6. g3 d5 7. Bg2 e5 8. Ng5
h6 9. Nh3 Bd6 10. Bxd5 Nxd5 11. Qxd5 Bxh3 12. Nd2 O-O 13. Ne4 Be7 14. O-O-O Nc6
15. Nd2 Rad8 16. Qe4 Nb4 17. Kb1 Nd5 18. Bxa7 Nxc3+ 19. bxc3 Qxc3 20. Nb3 Ba3
21. Qc2 Bf5 22. Rd3 Bxd3 23. exd3 Qxd3 24. Qxd3 Rxd3 0-1

[Event "AUTO-ADV-2155"]
[Site "http://www.queenalice.com/game.php?id=936526"]
[Date "2011.5.10"]
[Round "1"]
[White "Leandro_Cardoso"]
[Black "leonard99"]
[Result "1-0"]
[WhiteElo "1966"]
[BlackElo "1793"]

1. e4 e5 2. Nf3 Nc6 3. d4 exd4 4. Nxd4 Qf6 5. c3 Bc5 6. Be3 Nge7 7. Bc4 Ne5 8.
Bb3 d6 9. O-O Qg6 10. f3 Bh3 11. Rf2 c6 12. Kh1 Bd7 13. Nd2 h5 14. Nc4 Rd8 15.
Qe2 Nxc4 16. Qxc4 b5 17. Qd3 h4 18. Rg1 a5 19. Bc2 Bb6 20. Nb3 c5 21. Qe2 Qf6
22. Rd1 a4 23. Nc1 a3 24. Bb1 Ba5 25. Nb3 Bc7 26. Qd2 axb2 27. Qxb2 Qe5 28. f4
Qe6 29. Qd2 Bc6 30. Qc2 Qg4 31. Qe2 Qxe2 32. Rxe2 Bd7 33. h3 Rh6 34. Red2 Rh8
35. Nc1 Ba5 36. Rxd6 Bxc3 37. Bxc5 Nc8 38. R6d3 Bf6 39. Bc2 Ne7 40. Bb6 Rc8 41.
Rxd7 Nc6 42. Bb3 Be7 43. Rc7 Rxc7 44. Bxc7 Kf8 45. Bd6 Rh6 46. Bxe7+ Kxe7 47.
Nd3 Rd6 48. Nf2 Rf6 49. f5 g6 50. Ng4 Rd6 51. Rxd6 Kxd6 52. Bxf7 gxf5 53. exf5
Nd8 54. Bg8 1-0

[Event "AUTO-ADV-2155"]
[Site "http://www.queenalice.com/game.php?id=936527"]
[Date "2011.5.10"]
[Round "1"]
[White "leonard99"]
[Black "Leandro_Cardoso"]
[Result "1-0"]
[WhiteElo "1778"]
[BlackElo "1946"]

1. d4 d5 2. c4 c6 3. Nf3 Nf6 4. Nc3 Bf5 5. e3 e6 6. c5 Be7 7. Ne5 Nbd7 8. Qb3
Rb8 9. Nxd7 Qxd7 10. Nb5 O-O 11. Nc3 b6 12. cxb6 axb6 13. Be2 c5 14. O-O Rfc8
15. Qd1 Bd6 16. Nb5 Be7 17. b3 Ne4 18. f3 Nd6 19. Nc3 Qc7 20. Na4 Ne8 21. f4 h6
22. Bb2 Bf6 23. Rc1 Qd6 24. Ba3 Qd8 25. dxc5 bxc5 26. Nxc5 Rxc5 27. Bxc5 Bb2 28.
Rc2 Bxc2 29. Qxc2 Bf6 30. Rd1 Rc8 31. b4 Qc7 32. Bd3 Qb7 33. a4 Rc7 34. a5 Qc8
35. a6 Be7 36. Ra1 Bxc5 37. bxc5 Rxc5 38. Qa4 Nc7 39. a7 Na8 40. Rb1 Rc1+ 41.
Kf2 Rxb1 42. Bxb1 Qb7 43. Qe8# 1-0

[Event "AUTO-ADV-2193"]
[Site "http://www.queenalice.com/game.php?id=950508"]
[Date "2011.6.16"]
[Round "1"]
[White "yoda77"]
[Black "leonard99"]
[Result "1-0"]
[WhiteElo "1985"]
[BlackElo "1786"]

1. Nf3 d5 2. g3 Nf6 3. Bg2 Bf5 4. c4 c6 5. O-O dxc4 6. Na3 b5 7. b3 cxb3 8. axb3
e6 9. Bb2 Bd6 10. Nd4 Be5 11. Nxc6 Nxc6 12. Bxc6+ Kf8 13. Bxe5 Rc8 14. Bb7 Rc5
15. d4 Rc3 16. Nxb5 Bc2 17. Qd2 Ne4 18. Bxe4 1-0

[Event "AUTO-ADV-2193"]
[Site "http://www.queenalice.com/game.php?id=950509"]
[Date "2011.6.16"]
[Round "1"]
[White "leonard99"]
[Black "yoda77"]
[Result "0-1"]
[WhiteElo "1802"]
[BlackElo "1999"]

1. e4 e5 2. Nf3 Nc6 3. Nc3 Nf6 4. Bc4 Nxe4 5. Nxe4 d5 6. Bxd5 Qxd5 7. Nc3 Qd6 8.
O-O Bf5 9. d3 O-O-O 10. Ng5 Qg6 11. h3 Bc5 12. Na4 Be7 13. Qf3 Bxg5 14. Bxg5
Qxg5 15. g4 Nd4 16. Qg2 Be6 17. c4 h5 18. Nc5 Ne2+ 19. Kh1 c6 20. Rfe1 Nf4 21.
Qg3 hxg4 22. Ne4 Qe7 23. h4 Rxd3 24. Re3 Rxe3 25. fxe3 Rxh4+ 26. Kg1 Ne2+ 0-1

[Event "AUTO-ADV-2193"]
[Site "http://www.queenalice.com/game.php?id=950522"]
[Date "2011.6.16"]
[Round "1"]
[White "leonard99"]
[Black "Givanildo"]
[Result "1-0"]
[WhiteElo "1771"]
[BlackElo "1746"]

1. e4 e5 2. Nf3 Qf6 3. d3 h6 4. a3 Bc5 5. Be2 d6 6. O-O g5 7. h3 g4 8. hxg4 Bxg4
9. Nh2 h5 10. Bxg4 hxg4 11. Qxg4 Nd7 12. Bg5 Qg7 13. Qf5 f6 14. Bd2 O-O-O 15.
Nc3 c6 16. Na4 Rh5 17. Qxh5 f5 18. Qxf5 Ne7 19. Qe6 Ng6 20. Nxc5 Re8 21. Qxe8+
Kc7 22. Ne6+ Kb6 23. Qd8+ Ka6 24. Qa5# 1-0

[Event "AUTO-ADV-2193"]
[Site "http://www.queenalice.com/game.php?id=950523"]
[Date "2011.6.16"]
[Round "1"]
[White "Givanildo"]
[Black "leonard99"]
[Result "0-1"]
[WhiteElo "1628"]
[BlackElo "1793"]

1. e4 e5 2. Bc4 Nf6 3. Qf3 d6 4. h3 h6 5. g4 Nc6 6. c3 Be7 7. d3 O-O 8. g5 hxg5
9. Bxg5 Nh7 10. h4 Bxg5 11. hxg5 Qxg5 12. Nd2 Bg4 13. Qg3 Na5 14. Ndf3 Bxf3 15.
Qxf3 Nxc4 16. dxc4 Qg6 17. Nh3 Nf6 18. Rg1 Qxe4+ 19. Qxe4 Nxe4 20. f3 Nc5 21.
Ke2 Na4 22. Rg3 Nxb2 23. Rag1 g6 24. Ng5 Nxc4 25. Nxf7 Kxf7 26. Rg4 d5 27. f4
Ke7 28. Rxg6 Rxf4 29. Rg7+ Rf7 30. R7g5 Raf8 31. Kd1 Rf5 32. Rg7+ Kd6 33. R1g6+
Kc5 34. Rxc7+ Kb5 35. Rxb7+ Kc5 36. Rc7+ Kb5 37. a4+ Kxa4 38. Ra6+ Kb3 39. Rb7+
Kxc3 40. Rc7 Rf1+ 41. Ke2 R8f2# 0-1

[Event "QA-ANNIV-07"]
[Site "http://www.queenalice.com/game.php?id=950630"]
[Date "2011.6.16"]
[Round "1"]
[White "leonard99"]
[Black "jssouza100"]
[Result "1-0"]
[WhiteElo "1794"]
[BlackElo "1894"]

1. e4 e5 2. Nf3 Nc6 3. Nc3 Nf6 4. Bc4 h6 5. O-O Bc5 6. Bb5 O-O 7. Bxc6 dxc6 8.
Nxe5 Re8 9. Nd3 Nxe4 10. Nxe4 Rxe4 11. Nxc5 Re5 12. d4 Rd5 13. c3 Qf6 14. Re1 b6
15. Ne4 Qg6 16. h3 Bxh3 17. Ng3 Bg4 18. Qd2 Rf8 19. Qf4 f5 20. b3 Rf7 21. Ba3 h5
22. c4 Rd8 23. Be7 Re8 24. Bh4 Rxe1+ 25. Rxe1 Qd6 26. Qg5 f4 27. Nxh5 Bxh5 28.
Qxh5 g6 29. Qh6 g5 30. Qxg5+ Rg7 31. Re8+ Kh7 32. Qh5+ Qh6 33. Rh8+ 1-0

[Event "AUTO-OPEN-2305"]
[Site "http://www.queenalice.com/game.php?id=978816"]
[Date "2011.8.30"]
[Round "2"]
[White "HILITO"]
[Black "leonard99"]
[Result "1-0"]
[WhiteElo "2155"]
[BlackElo "1780"]

1. e4 e5 2. Nf3 Nc6 3. Bb5 Nf6 4. O-O Nxe4 5. Bxc6 dxc6 6. Nxe5 Qf6 7. d4 Bc5 8.
dxc5 Qxe5 9. Re1 Bf5 10. Nc3 O-O 11. Nxe4 Rad8 12. Nd2 Qxc5 13. c3 Qb5 14. Qb3
Qa6 15. Nf3 b6 16. Nd4 Bd3 17. Nxc6 Rd6 18. Nb4 Qb5 19. Be3 Bc4 20. Qc2 a5 21.
a4 Qd7 22. Na2 Bd3 23. Qb3 Be4 24. Bf4 Bd5 25. c4 Rf6 26. Be5 Rg6 27. cxd5 Qg4
28. Bg3 Qd4 29. Rad1 Qg4 30. Nc3 h5 31. h3 Qg5 32. Ne4 Qf5 33. Bxc7 Kh8 34. Ng3
Qg5 35. Re5 f5 36. Re6 h4 37. Rxg6 Qxg6 38. Ne2 Qg5 39. d6 1-0

[Event "AUTO-OPEN-2305"]
[Site "http://www.queenalice.com/game.php?id=978817"]
[Date "2011.8.30"]
[Round "2"]
[White "leonard99"]
[Black "HILITO"]
[Result "0-1"]
[WhiteElo "1782"]
[BlackElo "2166"]

1. e4 c6 2. d4 d5 3. Nc3 dxe4 4. Nxe4 Nd7 5. Nf3 Ngf6 6. Bd3 e6 7. Bg5 Be7 8.
Bxf6 Nxf6 9. Nfg5 h6 10. Nxf6+ Bxf6 11. Nf3 Bxd4 12. Be2 Bxb2 13. Qxd8+ Kxd8 14.
Rd1+ Bd7 15. O-O b6 16. Nd2 Ke7 17. Nc4 Bf6 18. Rfe1 Rad8 19. Bf3 c5 20. Rb1 Ba4
21. Be4 Rd4 22. Nb2 Bb5 23. c4 Bxc4 24. Nxc4 Rxc4 25. h3 Rd8 26. Bc6 Rd2 27. Be4
Bd4 28. Rf1 f5 29. Bf3 Rcc2 30. Kh2 Rxa2 31. Rbe1 Bxf2 32. Rxf2 Rxf2 33. Bd5
Rae2 34. Rxe2 Rxe2 0-1

[Event "AUTO-OPEN-2305"]
[Site "http://www.queenalice.com/game.php?id=978824"]
[Date "2011.8.30"]
[Round "2"]
[White "leonard99"]
[Black "ppeteleco"]
[Result "0-1"]
[WhiteElo "1778"]
[BlackElo "2534"]

1. d4 d5 2. c4 e6 3. Nf3 Nf6 4. e3 c5 5. Bd3 cxd4 6. Nxd4 e5 7. Nb3 dxc4 8. Bxc4
Qxd1+ 9. Kxd1 Nc6 10. a3 Bf5 11. Nc3 a6 12. Nd2 Rd8 13. Ke2 b5 14. Bb3 Bd3+ 15.
Kd1 Be7 16. Bc2 Ng4 17. Nce4 Bxe4 18. Bxe4 Nxf2+ 19. Ke2 Rxd2+ 20. Bxd2 Nxe4 21.
Rhc1 Kd7 22. Rc2 Rc8 23. Rac1 f5 24. Bc3 Bd6 25. Rd1 b4 26. axb4 Nxb4 27. Rcc1
Na2 28. Rc2 Naxc3+ 29. bxc3 Nxc3+ 30. Kd2 Nxd1 31. Kxd1 Rxc2 32. Kxc2 a5 0-1

[Event "AUTO-OPEN-2305"]
[Site "http://www.queenalice.com/game.php?id=978825"]
[Date "2011.8.30"]
[Round "2"]
[White "ppeteleco"]
[Black "leonard99"]
[Result "1-0"]
[WhiteElo "2520"]
[BlackElo "1784"]

1. d4 d5 2. c4 c6 3. Nf3 Nf6 4. Nc3 g6 5. e3 Bg7 6. Be2 O-O 7. O-O Bf5 8. cxd5
cxd5 9. Qb3 b6 10. Ne5 Be6 11. Bd2 Ne4 12. Rfd1 Nxd2 13. Rxd2 Qc8 14. Nxd5 Bxe5
15. Nxe7+ 1-0